|
|
|
|
| LEADER |
01515nam a2200397Ia 4500 |
| 001 |
EBC3238177 |
| 003 |
MiAaPQ |
| 005 |
20200520144314.0 |
| 006 |
m o d | |
| 007 |
cr cn||||||||| |
| 008 |
121115s2012 si sb 001 0 eng |
| 020 |
|
|
|9 789814332460 (hbk. :v. 3)
|
| 020 |
|
|
|z 9789814332507
|
| 035 |
|
|
|a (MiAaPQ)EBC3238177
|
| 035 |
|
|
|a (Au-PeEL)EBL3238177
|
| 035 |
|
|
|a (CaPaEBR)ebr10616904
|
| 035 |
|
|
|a (CaONFJC)MIL506618
|
| 035 |
|
|
|a (OCoLC)923762410
|
| 040 |
|
|
|a MiAaPQ
|c MiAaPQ
|d MiAaPQ
|
| 043 |
|
|
|a a-cc---
|
| 050 |
|
4 |
|a HC427.92
|b .C425 2011
|
| 082 |
0 |
4 |
|a 338.951
|2 22
|
| 100 |
1 |
|
|a Cheng, Siwei.
|
| 245 |
1 |
0 |
|a Selected works of Cheng Siwei
|h [electronic resource] .
|n vol. 3 :
|b economic reforms and development in China.
|n vol. 3 /
|c Cheng Siwei.
|
| 246 |
3 |
0 |
|a Economic reforms and development in China.
|n vol. 3
|
| 260 |
|
|
|a Singapore :
|b Enrich Professional Pub.,
|c 2012.
|
| 300 |
|
|
|a x, 342 p.
|
| 504 |
|
|
|a Includes bibliographical references and index.
|
| 533 |
|
|
|a Electronic reproduction. Ann Arbor, MI : ProQuest, 2015. Available via World Wide Web. Access may be limited to ProQuest affiliated libraries.
|
| 651 |
|
0 |
|a China
|x Economic conditions
|y 1976-2000.
|
| 651 |
|
0 |
|a China
|x Economic conditions
|y 2000-
|
| 651 |
|
0 |
|a China
|x Economic policy
|y 1976-2000.
|
| 651 |
|
0 |
|a China
|x Economic policy
|y 2000-
|
| 655 |
|
4 |
|a Electronic books.
|
| 710 |
2 |
|
|a ProQuest (Firm)
|
| 856 |
4 |
0 |
|u https://ebookcentral.proquest.com/lib/matrademy/detail.action?docID=3238177
|z Click to View
|